000 00630nam a2200229 i 4500
001 15095
003 ES-MaACL
005 20250111062526.0
007 t|
008 991220s1999 sp ||||1| spa d
020 _a84-339-1092-2
080 _a821.134.2-31"19"
100 1 _aTomeo, Javier.
_9110550
245 1 0 _aNapoleón VII /
_cJavier Tomeo.
250 _a2ª ed.
260 _aBarcelona :
_bAnagrama,
_c1999.
300 _a137 p. ;
_c22 cm.
490 1 _aNarrativas hispánicas ;
_v262
830 0 0 _aNarrativas hispánicas (Anagrama)
_v262
_9178124
852 _aES-MaACL
_jL-22441
_bR.127648
999 _c15095
_d15095